000
00319nam a2200109Ia 4500
008
200302s9999 xx 000 0 und d
100
_a
Michel racine
245
_a
Modern landscape design new french landscape design expression paysagere 2
260
_b
Design Media Publishing (UK) Ltd.,
260
_c
2013
300
_a
471
999
_c
6209
_d
6209